[Event "Under 2300 Advent Tournament"]
[Site "SchemingMind.com"]
[Date "2019.01.09"]
[Round "-"]
[White "David Perna-Fraser"]
[Black "The Stonewall"]
[Result "0-1"]
[WhiteCountry "CAN"]
[BlackCountry "ENG"]
[WhiteElo "2117"]
[WhiteRD "82"]
[BlackElo "2324"]
[BlackRD "78"]
[GameID "436702"]

1. e4 d6 2. d4 Nf6 3. Nc3 g6 4. Nf3 Bg7 5. Be2 O-O 6. O-O c6 7. h3 Qc7 8. Re1 Nbd7 9. a4 e5 10. dxe5 dxe5
11. Be3 Rd8 12. Qc1 Nf8 13. a5 Ne6 14. Rd1 Nh5 15. Na4 Nf6 16. Nc3 Ne8 17. Na4 Nd6 18. Nb6 axb6 19. Bxb6 Qe7 20. Bxd8 Qxd8
21. Qd2 Nd4 22. Nxd4 exd4 23. f3 Qh4 24. Qe1 Qxe1+ 25. Rxe1 d3 26. Bxd3 Bxb2 27. Ra2 Bc3 28. Rd1 Be6 29. Ra3 Bb2 30. Ra4 b5
31. Rb4 Bc3 32. Rbb1 Ba2 33. e5 Bxe5 34. Rb4 Rxa5 35. Be4 c5
0-1

[Event "Under 2300 Advent Tournament"]
[Site "SchemingMind.com"]
[Date "2019.01.24"]
[Round "-"]
[White "dvoretsky"]
[Black "The Stonewall"]
[Result "1-0"]
[WhiteCountry "ENG"]
[BlackCountry "ENG"]
[WhiteElo "2364"]
[WhiteRD "86"]
[BlackElo "2343"]
[BlackRD "79"]
[GameID "437364"]

1. d4 Nf6 2. c4 d6 3. Nf3 Nbd7 4. Nc3 e5 5. e4 Be7 6. Be2 O-O 7. O-O c6 8. Qc2 a6 9. a3 b5 10. Rd1 Qc7
11. Bg5 h6 12. Bh4 Re8 13. Rac1 Bb7 14. b4 Rac8 15. Qa2 Nf8 16. Bg3 Ng6 17. c5 Rcd8 18. cxd6 Bxd6 19. dxe5 Bxe5 20. Nxe5 Nxe5
21. Nd5 Nxd5 22. Rxd5 Rxd5 23. Qxd5 Qe7 24. Qd2 Ng6 25. f3 Rd8 26. Qe3 Nf8 27. Qc3 Ne6 28. Bf2 Rd6 29. Bf1 Rd7 30. g3 Qd8
31. h4 g5 32. Qe3 gxh4 33. gxh4 Kh7 34. Bg3 h5 35. Bh3 Rd1+ 36. Rxd1 Qxd1+ 37. Kh2 Qd4 38. Bf5+ Kg8 39. Qh6 Qb2+ 40. Kh3 Qh8
41. Qxh8+ Kxh8 42. Be5+ Kg8 43. Kg3 Kf8 44. Bd6+ Ke8 45. Bxe6 fxe6 46. Kf4 Bc8 47. Bc5 Kf7 48. Ke5
1-0

[Event "Under 2300 Advent Tournament"]
[Site "SchemingMind.com"]
[Date "2019.01.20"]
[Round "-"]
[White "David Perna-Fraser"]
[Black "dvoretsky"]
[Result "0-1"]
[WhiteCountry "CAN"]
[BlackCountry "ENG"]
[WhiteElo "2039"]
[WhiteRD "73"]
[BlackElo "2364"]
[BlackRD "86"]
[GameID "437365"]

1. e4 c5 2. Nf3 d6 3. d4 cxd4 4. Nxd4 Nf6 5. Nc3 a6 6. Be2 e5 7. Nb3 Be7 8. h3 O-O 9. Be3 Nc6 10. Qd2 Nxe4
11. Nxe4 d5 12. O-O-O dxe4 13. Qxd8 Rxd8 14. Rxd8+ Nxd8 15. Nc5 f5 16. Bc4+ Kh8 17. Nb3 Be6 18. Bxe6 Nxe6 19. Rd1 Rd8 20. Rxd8+ Bxd8
21. Nc5 Nxc5 22. Bxc5 Kg8 23. Bd6 Bb6 24. f3 exf3 25. gxf3 e4 26. fxe4 fxe4 27. c4 Kf7 28. c5 Bd8 29. Kd2 Ke6 30. Ke3 Kd5
31. Bf8 Bf6 32. b3 Bd4+ 33. Ke2 h5 34. a3 g5 35. b4 g4 36. hxg4 hxg4 37. Bd6 Bb2 38. a4 Ba3 39. b5 axb5 40. axb5 Bxc5
41. Bf4 Kc4
0-1

[Event "Under 2300 Advent Tournament"]
[Site "SchemingMind.com"]
[Date "2019.01.27"]
[Round "-"]
[White "The Stonewall"]
[Black "Corax"]
[Result "1/2-1/2"]
[WhiteCountry "ENG"]
[BlackCountry "SWE"]
[WhiteElo "2343"]
[WhiteRD "79"]
[BlackElo "2302"]
[BlackRD "140"]
[GameID "437614"]

1. e4 c5 2. Nf3 d6 3. c3 Nf6 4. h3 Nc6 5. Bd3 d5 6. e5 Nd7 7. Bb5 Qb6 8. Ba4 c4 9. d4 cxd3 10. O-O e6
11. Qxd3 Nc5 12. Qd1 Nxa4 13. Qxa4 Bd7 14. Qg4 h5 15. Qg5 Be7 16. Qxg7 O-O-O 17. Be3 Qxb2 18. Nbd2 Qc2 19. Kh1 Qf5 20. Qg3 Rhg8
21. Qh2 Kb8 22. Nb3 Rc8 23. Rfe1 Ka8 24. Rac1 Nd8 25. Red1 Ba3 26. Nbd4 Qg6 27. Rb1 Rxc3 28. Rb3 Rxb3 29. axb3 Bc5 30. Rg1 b6
31. Qf4 Kb7 32. Qh4 a5 33. Qf4 Qe4 34. Qh6 Qg6 35. Qf4 Qe4 36. Qh6 Qg6 37. Qf4 Qe4
1/2-1/2

[Event "Under 2300 Advent Tournament"]
[Site "SchemingMind.com"]
[Date "2019.01.26"]
[Round "-"]
[White "Corax"]
[Black "David Perna-Fraser"]
[Result "1-0"]
[WhiteCountry "SWE"]
[BlackCountry "CAN"]
[WhiteElo "2245"]
[WhiteRD "160"]
[BlackElo "2085"]
[BlackRD "82"]
[GameID "437615"]

1. d4 f5 2. c4 Nf6 3. Nc3 e6 4. e3 b6 5. Bd3 Bb7 6. Nf3 Ne4 7. O-O d6 8. d5 Nxc3 9. bxc3 exd5 10. cxd5 Bxd5
11. Bxf5 Bb7 12. Nd4 g6 13. Bh3 Bg7 14. Ne6 Qe7 15. e4 Bf6 16. e5 Bxe5 17. Bg5 Bf6 18. Bxf6 Qxf6 19. Nxc7+ Kf8 20. f4 Na6
21. f5 Nxc7 22. fxg6
1-0

[Event "Under 2300 Advent Tournament"]
[Site "SchemingMind.com"]
[Date "2019.02.02"]
[Round "-"]
[White "smothered mate"]
[Black "The Stonewall"]
[Result "1-0"]
[WhiteCountry "POL"]
[BlackCountry "ENG"]
[WhiteElo "2272"]
[WhiteRD "80"]
[BlackElo "2392"]
[BlackRD "76"]
[GameID "437740"]

1. e4 d6 2. d4 Nf6 3. Nc3 g6 4. Be2 Bg7 5. Nf3 O-O 6. h3 c6 7. Be3 b5 8. a3 Nbd7 9. e5 Ne8 10. Qd2 Nc7
11. Bh6 dxe5 12. h4 Ne6 13. h5 exd4 14. Bxg7 Nxg7 15. Nxd4 Qc7 16. hxg6 fxg6 17. Ndxb5 Qf4 18. Qxf4 Rxf4 19. g3 Rf8 20. Nd4 Bb7
21. Nb3 c5 22. Rh2 Rac8 23. O-O-O Nb6 24. Na5 Bf3 25. Bxf3 Rxf3 26. Nb3 h5 27. Ne4 Ne6 28. Nbd2 Rff8 29. f4 Nd4 30. c3 Nf5
31. Nf3 c4 32. Ne5 Kg7 33. Rhd2 a6 34. Ng5 Rf6 35. g4 Ne3 36. Re1 Nbd5 37. gxh5 gxh5 38. Rh2 Ng4 39. Rxh5 Nxe5 40. fxe5 Rh6
41. Rxh6 Kxh6 42. Ne6 Kg6 43. Rf1 Ne3 44. Rf4 Nd5 45. Rf3 Nb6 46. Nd4 Rh8 47. Rf1 Nd5 48. e6 Rh3 49. Nf3 Rh5 50. Kb1 a5
51. Nd2 Nb6 52. Rf4 Rf5 53. Rh4 Rc5 54. a4 Rc6 55. Ka2 Kg7 56. Ka3 Kg6 57. Re4 Kf5 58. Rh4 Kg5 59. Nf3+ Kf6 60. Rf4+ Kxe6
61. Nd4+ Ke5 62. Rf5+ Ke4 63. Nxc6 Kxf5 64. Nxe7+ Ke6 65. Nc6 Kd5 66. Nxa5 Kc5 67. Nb7+ Kc6 68. Nd8+ Kc5 69. Ne6+ Kd6 70. Nd4 Kc5
71. b4+ cxb3 72. Kxb3 Nd5 73. Nc2 Ne7 74. Nb4 Kb6 75. Nd3 Nc6 76. c4 Ka5 77. c5 Nd4+ 78. Kc4 Nf5 79. Nb2 Ne7 80. Kb3 Nc6
81. Nc4+ Ka6 82. Nb6 Ka5 83. Kc4 Nb8 84. Kd5 Ka6 85. Kd6 Kb7 86. a5 Na6 87. c6+ Kb8 88. Nd7+ Kc8 89. Nc5 Nc7 90. Ne6 Na6
91. c7
1-0

[Event "Under 2300 Advent Tournament"]
[Site "SchemingMind.com"]
[Date "2019.02.02"]
[Round "-"]
[White "David Perna-Fraser"]
[Black "smothered mate"]
[Result "0-1"]
[WhiteCountry "CAN"]
[BlackCountry "POL"]
[WhiteElo "1987"]
[WhiteRD "70"]
[BlackElo "2251"]
[BlackRD "79"]
[GameID "437741"]

1. e4 e5 2. Nf3 Nc6 3. Bb5 f5 4. Nc3 Nf6 5. exf5 Bc5 6. O-O O-O 7. Bxc6 dxc6 8. Nxe5 Bxf5 9. d3 Re8 10. Nf3 Qd7
11. Bg5 Nd5 12. Nxd5 Qxd5 13. Nh4 Bd7 14. Qd2 h6 15. Be3 Bd6 16. Nf3 Bg4 17. c4 Qh5 18. Bf4 Bxf3 19. gxf3 Rad8 20. Bg3 c5
21. Rfe1 Qxf3 22. Rad1 Rxe1+ 23. Qxe1 Bxg3 24. hxg3 Rxd3 25. Qe8+ Kh7 26. Rxd3 Qxd3 27. Qb5 b6 28. a3 a5 29. Kh2 Qf1 30. f4 Qe2+
31. Kg1 h5 32. Qb3 h4 33. gxh4 Qg4+ 34. Kf2 Qxf4+ 35. Kg2 Qxh4 36. Qd3+ Kh6 37. Qc3 Qe4+ 38. Kh2 Qd4 39. Qh3+ Kg5 40. Qg3+ Kf5
41. Qh3+ Ke5 42. Qh5+ Kf4 43. Qf7+ Ke3 44. Qe7+ Kf3 45. Qxc7 Qf2+
0-1

[Event "Under 2300 Advent Tournament"]
[Site "SchemingMind.com"]
[Date "2019.01.29"]
[Round "-"]
[White "smothered mate"]
[Black "dvoretsky"]
[Result "0-1"]
[WhiteCountry "POL"]
[BlackCountry "ENG"]
[WhiteElo "2241"]
[WhiteRD "77"]
[BlackElo "2380"]
[BlackRD "83"]
[GameID "437742"]

1. e4 c5 2. Nf3 d6 3. c3 Nf6 4. Be2 g6 5. O-O Bg7 6. Qc2 Qc7 7. a4 O-O 8. Na3 b6 9. d3 Nc6 10. Re1 e5
11. h3 Bb7 12. Bg5 Nd8 13. Nd2 Ne6 14. Bh4 Qd7 15. Nac4 Nf4 16. Bf3 h5 17. Ne3 Rab8 18. Bg3 Rfe8 19. Rad1 Rbc8 20. a5 b5
21. a6 Bc6 22. Kh2 Nh7 23. Nd5 Nxd5 24. exd5 Ba8 25. c4 bxc4 26. dxc4 Rb8 27. b3 Qd8 28. Kh1 Rb6 29. Ra1 h4 30. Bh2 f5
31. Be2 e4 32. Ra4 Bd4 33. Bg1 Qg5 34. Nf1 Nf6 35. Ne3 Reb8 36. Ra3 Re8 37. Qc1 Nd7 38. Qc2 Reb8 39. Nd1 Re8 40. Ne3 Kg7
41. Rf1 Ne5 42. Bh2 Kh7 43. Nd1 Nd7 44. Ra4 Nf6 45. Nc3 Re7 46. f4 Qh6 47. Ra5 Qf8 48. Nb5 e3 49. Bf3 Qd8 50. b4 Ne4
51. Bxe4 Rxe4 52. Qe2 Qf6 53. Nxa7 cxb4 54. Nb5 Rb8 55. Ra4 Bc5 56. Rb1 Rxb5 57. cxb5 Bxd5 58. b6 Rd4 59. Rb2 Rd1+ 60. Qxd1 Qxb2
61. Qxd5 e2 62. Qf7+ Kh6 63. Qf8+ Kh5 64. g4+ hxg3
0-1

[Event "Under 2300 Advent Tournament"]
[Site "SchemingMind.com"]
[Date "2019.01.29"]
[Round "-"]
[White "Corax"]
[Black "smothered mate"]
[Result "1/2-1/2"]
[WhiteCountry "SWE"]
[BlackCountry "POL"]
[WhiteElo "2406"]
[WhiteRD "94"]
[BlackElo "2236"]
[BlackRD "77"]
[GameID "437743"]

1. d4 Nf6 2. Nf3 g6 3. e3 Bg7 4. c4 d5 5. cxd5 Nxd5 6. Be2 O-O 7. e4 Nb6 8. O-O Bg4 9. Nbd2 e5 10. dxe5 Nc6
11. h3 Be6 12. Nb3 Qxd1 13. Rxd1 Nxe5 14. Nxe5 Bxe5 15. f4 Bg7 16. Nc5 Rfe8 17. Kf2 Bc4 18. Bf3 Rad8 19. Be3 Bxb2 20. Nxb7 Rxd1
21. Rxd1 f6 22. Rd2 Bc1 23. Rc2 Bxe3+ 24. Kxe3 Bb5 25. g3 Re7 26. Nc5 Kf7 27. h4 Nd7 28. g4 h6 29. Nb3 c6 30. Nd4 Nb6
31. Be2 Nd5+ 32. Kf3 Bxe2+ 33. Nxe2 Nb4 34. Rc4 Rb7 35. a3 Nd3 36. Rxc6 Rb3 37. Rc7+ Kf8 38. Rc3 Rxc3 39. Nxc3 g5 40. hxg5 hxg5
41. e5 Nxf4 42. exf6 Kf7 43. Ne4 Ng6 44. Nxg5+ Kxf6 45. Ne4+ Ke5 46. Ke3 Nh4 47. Nd2 Ng2+ 48. Kf2 Nf4 49. Kf3 Nd5 50. Nc4+ Kf6
51. Ke4 Nc3+ 52. Kd3 Na4 53. Kd4 Kg5 54. Ne5 Kf4 55. Kd5 Nc3+ 56. Ke6 Nb1 57. Kf6 Nxa3 58. g5 Nb5 59. Nc6 Kg4 60. g6 Nd6
61. Nxa7 Kh5 62. Nb5 Ne8+ 63. Kf7 Kh6 64. Nc7 Nd6+ 65. Kf6 Ne4+ 66. Kf7 Nd6+ 67. Kf6 Ne4+=
1/2-1/2

[Event "Under 2300 Advent Tournament"]
[Site "SchemingMind.com"]
[Date "2019.02.17"]
[Round "-"]
[White "The Stonewall"]
[Black "ray winteringham"]
[Result "1-0"]
[WhiteCountry "ENG"]
[BlackCountry "ENG"]
[WhiteElo "2324"]
[WhiteRD "78"]
[BlackElo "1481"]
[BlackRD "50"]
[GameID "438398"]

1. e4 e5 2. f4 exf4 3. Nf3 Bc5 4. d4 Bb6 5. Bxf4 Ne7 6. Nc3 d6 7. Qd2 Bg4 8. O-O-O Nd7 9. h3 Bh5 10. Bc4 O-O
11. Rhf1 Bg6 12. Nh4 Ba5 13. Bg5 Bxc3 14. Qxc3 Nb6 15. Nxg6 hxg6 16. Bb3 Qd7 17. Rf2 Kh7 18. Bxf7 Nc6 19. Rdf1 d5 20. Qg3 Rxf7
21. Rxf7 Nxd4 22. Qh4+ Kg8 23. Rxd7 Nxd7 24. exd5 Re8 25. Qxd4 Re5 26. Qd2 Nc5 27. Bf4
1-0

[Event "Under 2300 Advent Tournament"]
[Site "SchemingMind.com"]
[Date "2019.02.17"]
[Round "-"]
[White "ray winteringham"]
[Black "smothered mate"]
[Result "0-1"]
[WhiteCountry "ENG"]
[BlackCountry "POL"]
[WhiteElo "1481"]
[WhiteRD "50"]
[BlackElo "2153"]
[BlackRD "88"]
[GameID "438399"]

1. g3 d5 2. Bg2 e5 3. d4 e4 4. e3 Nf6 5. Ne2 Bg4 6. O-O Qd7 7. b3 Na6 8. a3 Be7 9. Qe1 Bf3 10. Bb2 c6
11. Nd2 Qf5 12. c4 Nc7 13. b4 g5 14. Nc3 h5 15. Ne2 O-O-O 16. c5 Ne6 17. a4 h4 18. Kh1 hxg3 19. fxg3 Bxg2+ 20. Kxg2 Qh3+
21. Kh1 Qxh2#
0-1

[Event "Under 2300 Advent Tournament"]
[Site "SchemingMind.com"]
[Date "2019.02.17"]
[Round "-"]
[White "ray winteringham"]
[Black "David Perna-Fraser"]
[Result "0-1"]
[WhiteCountry "ENG"]
[BlackCountry "CAN"]
[WhiteElo "1523"]
[WhiteRD "51"]
[BlackElo "2085"]
[BlackRD "82"]
[GameID "438400"]

1. g3 Nf6 2. Bg2 e6 3. d3 d5 4. Nf3 Bd6 5. Be3 c5 6. O-O d4 7. Bd2 Nc6 8. c3 Qb6 9. b3 O-O 10. Bg5 Nd5
11. c4 Nde7 12. Nbd2 h6 13. Bxe7 Nxe7 14. Ne4 Nf5 15. Bh3 Be7 16. Bxf5 exf5 17. Ned2 f4 18. Ne4 Bh3 19. Re1 fxg3 20. fxg3 f5
21. Nf2 Bg4 22. Qd2 Rae8 23. Rf1 Bxf3 24. exf3 f4 25. g4 Bh4 26. Ne4 Re6 27. Rab1 h5 28. h3 hxg4 29. fxg4 f3 30. Ra1 Qc7
31. Qh2 f2+ 32. Kg2 Qc6 33. Rad1 Rxe4 34. Rxf2 Rxf2+
0-1

[Event "Under 2300 Advent Tournament"]
[Site "SchemingMind.com"]
[Date "2019.02.17"]
[Round "-"]
[White "dvoretsky"]
[Black "ray winteringham"]
[Result "1-0"]
[WhiteCountry "ENG"]
[BlackCountry "ENG"]
[WhiteElo "2343"]
[WhiteRD "81"]
[BlackElo "1481"]
[BlackRD "50"]
[GameID "438401"]

1. d4 g6 2. e4 Bg7 3. Nc3 e6 4. Nf3 Ne7 5. h4 b6 6. h5 Bb7 7. h6 Bf8 8. Bg5 d6 9. Bf6 Rg8 10. Ng5 Nd7
11. Qf3 Nxf6 12. Qxf6 Kd7 13. Qxf7 Bc8 14. Nxe6 Qe8 15. Bb5+ c6 16. Bxc6+ Kxc6 17. Qxe8+
1-0

[Event "Under 2300 Advent Tournament"]
[Site "SchemingMind.com"]
[Date "2019.02.22"]
[Round "-"]
[White "ray winteringham"]
[Black "Corax"]
[Result "0-1"]
[WhiteCountry "ENG"]
[BlackCountry "SWE"]
[WhiteElo "1523"]
[WhiteRD "51"]
[BlackElo "2245"]
[BlackRD "160"]
[GameID "438402"]

1. e4 c5 2. Nf3 d6 3. h3 Nf6 4. c3 Nc6 5. Bb5 Nxe4 6. d3 Nf6 7. O-O e6 8. Bf4 Be7 9. Nbd2 O-O 10. Bxc6 bxc6
11. Bg3 Rb8 12. b3 Nd5 13. c4 Nb4 14. Qb1 Bf6 15. Ne4 Bxa1 16. Qxa1 f5 17. Nxd6 f4 18. Nxc8 fxg3 19. Nxa7 Ra8 20. Nxc6 Nxc6
21. fxg3 Qxd3
0-1

[Event "Under 2300 Advent Tournament"]
[Site "SchemingMind.com"]
[Date "2019.02.20"]
[Round "-"]
[White "smothered mate"]
[Black "Kenny Elliott"]
[Result "1-0"]
[WhiteCountry "POL"]
[BlackCountry "USA"]
[WhiteElo "2229"]
[WhiteRD "85"]
[BlackElo "1560"]
[BlackRD "66"]
[GameID "438494"]

1. e4 c5 2. Nf3 d6 3. c3 Nf6 4. Be2 g6 5. Qc2 Bg7 6. O-O O-O 7. d4 cxd4 8. cxd4 e5 9. Nc3 Qe8 10. Nb5 Na6
11. Nxd6 Qe7 12. dxe5 Nd7 13. Bxa6 Bxe5 14. Bxb7 Bxb7 15. Nxb7 Nb6 16. Qc5 Qxb7 17. Qxe5 Rfe8 18. Qc3 Rac8 19. Qb3 Rxe4 20. Be3 Re6
21. h3 Rce8 22. Rac1 Qe7 23. Bf4 Qf6 24. Bg5 Qg7 25. Rc7 h6 26. Be3 Nc8 27. Rfc1 Nd6 28. Nd4 Re5 29. R1c6 Nf5 30. Nxf5 Rxf5
31. Rc8 Rxc8 32. Rxc8+ Kh7 33. Qc3 Qxc3 34. Rxc3 a5 35. Rc5
1-0

[Event "Under 2300 Advent Tournament"]
[Site "SchemingMind.com"]
[Date "2019.02.20"]
[Round "-"]
[White "Kenny Elliott"]
[Black "ray winteringham"]
[Result "0-1"]
[WhiteCountry "USA"]
[BlackCountry "ENG"]
[WhiteElo "1560"]
[WhiteRD "66"]
[BlackElo "1523"]
[BlackRD "51"]
[GameID "438495"]

1. d4 d5 2. Nf3 e6 3. c4 Be7 4. Nc3 Nf6 5. e3 c6 6. cxd5 exd5 7. Ne5 Nbd7 8. Nxd7 Bxd7 9. Bd3 O-O 10. O-O Qc8
11. a3 a6 12. e4 dxe4 13. Bxe4 g6 14. Bg5 Qe8 15. Bh6 Nxe4 16. Nxe4 Bd8 17. Nc3 Qe6 18. Bxf8 Kxf8 19. Re1 Qd6 20. Qb3 Bc7
21. g3 b5 22. Rad1 Bb6 23. d5 Qf6 24. Qc2 Bf5 25. Ne4 Bxe4 26. Rxe4 Rd8 27. Rf4 Qg7 28. Qxc6 Bxf2+ 29. Kxf2 Qxb2+ 30. Kf1 Qxa3
31. d6 Kg7 32. d7 Qf8 33. Re4 Qa3 34. Ke1 Qf3 35. Qc2 Qh1+ 36. Kd2 Rxd7+ 37. Kc1 Rxd1+ 38. Qxd1 Qxe4
0-1

[Event "Under 2300 Advent Tournament"]
[Site "SchemingMind.com"]
[Date "2019.02.25"]
[Round "-"]
[White "The Stonewall"]
[Black "Kenny Elliott"]
[Result "1-0"]
[WhiteCountry "ENG"]
[BlackCountry "USA"]
[WhiteElo "2336"]
[WhiteRD "81"]
[BlackElo "1560"]
[BlackRD "66"]
[GameID "438496"]

1. e4 c5 2. Nf3 d6 3. d4 b6 4. Nc3 Bg4 5. Bc4 Nc6 6. dxc5 bxc5 7. Qd5 Be6 8. Qxc6+ Bd7 9. Qd5 Be6 10. Bb5+ Bd7
11. Bxd7+ Kxd7 12. Ne5+ Kc8 13. Qxa8+ Kc7 14. Nd5#
1-0

[Event "Under 2300 Advent Tournament"]
[Site "SchemingMind.com"]
[Date "2019.02.21"]
[Round "-"]
[White "Kenny Elliott"]
[Black "David Perna-Fraser"]
[Result "0-1"]
[WhiteCountry "USA"]
[BlackCountry "CAN"]
[WhiteElo "1566"]
[WhiteRD "68"]
[BlackElo "2039"]
[BlackRD "73"]
[GameID "438497"]

1. d4 Nf6 2. c4 e6 3. Nc3 Bb4 4. Bd2 b6 5. Nf3 Bb7 6. e3 O-O 7. Be2 d6 8. a3 Bxc3 9. Bxc3 Ne4 10. Qc2 f5
11. O-O Nd7 12. Bd3 Ndf6 13. Bxe4 Bxe4 14. Qe2 Qe8 15. Nd2 Qg6 16. Nxe4 Nxe4 17. Qd3 Ng5 18. Kh1 Qh5 19. Qd1 Qxd1 20. Raxd1 Ne4
21. Bd2 Rf6 22. f3 Nxd2 23. Rxd2 a5 24. Re2 g5 25. e4 fxe4 26. Rxe4 h5 27. f4 Raf8 28. g3 gxf4 29. Rexf4 Kg7 30. Kg2 Rxf4
31. gxf4 Kg6 32. h4 Kf5 33. Kh3 Ke4 34. d5 exd5 35. cxd5 Rxf4 36. Rc1 Rf7 37. b4 axb4 38. axb4 Kxd5 39. Kg3 c5 40. b5 c4
0-1

[Event "Under 2300 Advent Tournament"]
[Site "SchemingMind.com"]
[Date "2019.02.20"]
[Round "-"]
[White "dvoretsky"]
[Black "Kenny Elliott"]
[Result "1-0"]
[WhiteCountry "ENG"]
[BlackCountry "USA"]
[WhiteElo "2334"]
[WhiteRD "84"]
[BlackElo "1560"]
[BlackRD "66"]
[GameID "438498"]

1. d4 d5 2. c4 e6 3. Nc3 Bb4 4. Nf3 Nf6 5. Bg5 Bxc3+ 6. bxc3 dxc4 7. e4 h6 8. Bh4 Nbd7 9. e5 g5 10. Nxg5 hxg5
11. Bxg5 b6 12. Qa4 O-O 13. Qxc4 Bb7 14. Qe2 Qc8 15. exf6 Re8 16. Qh5 Be4 17. Qh6
1-0

[Event "Under 2300 Advent Tournament"]
[Site "SchemingMind.com"]
[Date "2019.02.25"]
[Round "-"]
[White "Kenny Elliott"]
[Black "Corax"]
[Result "0-1"]
[WhiteCountry "USA"]
[BlackCountry "SWE"]
[WhiteElo "1560"]
[WhiteRD "66"]
[BlackElo "2245"]
[BlackRD "160"]
[GameID "438499"]

1. d4 Nf6 2. Nf3 e6 3. Bg5 h6 4. Bh4 b6 5. e3 Bb7 6. Bxf6 Qxf6 7. Be2 g5 8. O-O h5 9. Ne5 d6 10. Nd3 Nd7
11. Bxh5 Qh6 12. g4 O-O-O 13. Nc3 f5 14. f3 Nf6 15. h4 Nxh5 16. gxh5 Qxh5 17. Qe1 Be7 18. Rf2 Qxh4 19. Kf1 g4 20. e4 g3
21. Ke2 gxf2 22. Nxf2 fxe4 23. Ncxe4 Qf4 24. Nd3 Rh2+
0-1